South Park: Put it down - Lyrics - Statistics

General Stats
  • This quiz has been taken 143 times
  • The average score is 196 of 316
Answer Stats
Answer % Correct
I
99%
do
96%
down
94%
it
94%
put
94%
a
92%
the
90%
you
87%
president
86%
president?
86%
on
85%
phone
83%
your
83%
be
80%
of
79%
our
79%
are
77%
don't
77%
to
77%
own
75%
people
75%
we
75%
dying
74%
so
74%
being
73%
if
73%
is
73%
when
73%
all
71%
while
71%
you're
71%
no
70%
an
69%
can
69%
fault
69%
agree
68%
damage
67%
noooo
67%
and
64%
have
64%
today
64%
lots
63%
let's
62%
USA
62%
cause
61%
me
61%
that
61%
that?
61%
hear
60%
accident
58%
leader
58%
here
57%
in
57%
somehow
57%
now
56%
pledge
55%
right
55%
end
52%
something
52%
we're
52%
change
50%
dumb
50%
might
50%
my
50%
out
46%
care
45%
we'll
45%
well
45%
one
44%
take
44%
will
44%
just
42%
suicide
42%
what
42%
guts
40%
nation
39%
without
39%
or
38%
rip
38%
was
38%
hesitation
37%
i'm
37%
not
37%
that's
37%
Eric
35%
for
35%
crazy
33%
i'll
33%
elected
32%
making
32%
standing
32%
cares
31%
ever
31%
get
31%
then
31%
ovation
30%
girlfriend's
29%
office
29%
oval
29%
give
27%
it's
27%
desk
26%
device
26%
dedication
25%
know
25%
mobile
25%
whats
25%
behind
24%
find
24%
any
23%
goodbye
23%
much
23%
yourself
23%
but
21%
great
21%
trying
21%
hazy
20%
hold
20%
miss
20%
gone
19%
saying
19%
voices
19%
future's
18%
taking
18%
at
17%
because
17%
gonna
17%
Nancy
17%
waken
17%
yet
17%
point
15%
them
15%
hard
14%
hey
14%
start
14%
grow
13%
solo
12%
working
12%
look!
11%
still
11%
worked
11%
everyday
10%
guys
10%
Brian
6%
No matching quizzes found
Score Distribution
Percent of People with Each Score
Percentile by Number Answered
Your Score History
You have not taken this quiz